000 00866nam a22002537a 4500
999 _c3974
_d3974
003 AR-CdUCM
008 190307b ||||| |||| 00| 0 eng d
020 _aISBN
040 _aMUNICIPALIDAD PROVINCIAL DEL CUSCO
_cBIBLIOTECA MUNICIPAL DEL CUSCO
082 _a869.56 /
_bP1
245 _aPrimer panorama de ensayistas peruanos /
260 _aLima :
_bEditora Latinoamericana,
_c1958.
300 _a223 paginas ;
_c17 cm.
500 _aDonación de la familia Luis Nieto.
505 _aGrau -- Nuestros indios -- Los cuatro paisajes históricos -- Mito y épica incaicos ...
650 _aEnsayos peruanos
_9233
650 _aEnsayistas peruanos
_912702
650 _aSiglo XX
_98
700 _aBelaúnde, Víctor Andrés
_93675
700 _aRiva Agüero y Osma, José de la
_9609
700 _aBasadre, Jorge,
_9198
942 _2ddc
_cLIBROS
945 _aacrt